000 00727nam a2200289Ia 4500
005 20260324111253.0
008 008 260324s9999 xx 000 0 eng d
020 _a9781003610649
037 _aEBOOK
040 _aCRL
040 _beng
040 _cCRL
041 _2eng
041 _aeng
084 _qCRL
100 _aAgata Włodkowska; Maryana Prokop; Oleksandra Struk
_91137860
245 0 _aGender Equality in the EU and Ukraine
245 0 _bWomen’s Rights in a Time of War
260 _bTaylor and Francis
260 _c2025
365 _a
365 _b230
856 _uhttp://www.taylorfrancis.com/books/9781003610649
942 _cEBOOK
999 _c1726627
_d1726627